| 000 | 00411nam a2200157 i 4500 | ||
|---|---|---|---|
| 001 | bg | ||
| 100 | 1 | _aWYSZKOWSKI, Klemens | |
| 245 | 0 |
_aOcena dokładności pomiarów w badaniach laboratoryjnych / _cKlemens Wyszkowski. |
|
| 260 |
_aWarszawa, _c1978. |
||
| 650 | 9 | _aPomiary | |
| 655 | _aPodręczniki akademickie | ||
| 040 | _cBPK | ||
| 041 | _apol | ||
| 942 | _cKS | ||
| 008 | s pl f |000 0 pol | ||
| 999 |
_c1531 _d1531 |
||
| 856 |
_uhttp://koha.tu.koszalin.pl/cgi-bin/koha/opac-detail.pl?biblionumber=1531 _yKatalog online BPK |
||